LEADER 01001nam a2200229 i 4500 001 000000166525 003 CaOOAMICUS 005 20161201000000.0 008 161201s2004 it u000 u ita u 013 $a143894 040 $aSeMil$bita 100 1 $aMostardi, Faustino.$0(OLS)http://semarc/name/62714 245 13$aLa beata Beatrice 2. d'Este /$cp. d. Faustino Mostardi. 260 $aVenezia :$bIsola San Giorgio Maggiore,$cstampa 2004. 300 $aXII, 121 p., [6] p. di tav. :$bill. ;$c25 cm. 500 $aContiene : Bibliografia ; Le Biografie della beata Beatrice 2. d'Este. 600 04$aBeatrice II : d'Este .$0(OLS)http://semarc/subject/31642 850 $aSeMil 852 $aSeMil$W1$xVenegono$y1$m3H VI 256$j117688$B117688$CSeMilBibl$Z2$F216905 $81 961 $aOmaggio: Delpini mons. Mario 996 $6245$aLa beata Beatrice 2. d'Este$9(OLS)http://semarc/title/237944 996 $6260$aVenezia :$bIsola San Giorgio Maggiore$9(OLS)http://semarc/publisher/48659 LEADER 01345nam a2200301 i 4500 001 000000106272 003 CaOOAMICUS 005 20260130085418.0 008 100521s1995 it u000 u ita u 020 $a88-16-30292-5 040 $aSeMil$bita 100 1 $aNewman, John Henry,$c.$0(OLS)http://semarc/name/1226 245 10$aSulla preghiera /$cJohn Henry Newman ; traduzione e cura di Giovanni Velocci ; saggio introduttivo di Giovanni Velocci e Francesca Valente. 260 $aMilano :$bJaca Book,$c1995. 300 $a159 p. ;$c23 cm. 490 0 $aGią e non ancora ;$v292 650 4$aPreghiera.$0(OLS)http://semarc/subject/1091 700 1 $aValente, Francesca,$d<1943- >.$0(OLS)http://semarc/name/44717 700 1 $aVelocci, Giovanni.$0(OLS)http://semarc/name/16643 830 0$aJohn Henry Newman Opere.$0(OLS)http://semarc/title/457893 830 0$aGią e non ancora ;$v292.$0(OLS)http://semarc/title/5902 850 $aSeMil 852 $aSeMil$W1$xVenegono$y1$m2LA Y 8$j266776$B62411$CSeMilBibl$Z2$F71665 $81 961 $aSottoscrizione: Cittą Nuova 996 $6020$a88-16-30292-5$9(OLS)http://semarc/number/86808 996 $6245$aSulla preghiera$9(OLS)http://semarc/title/31746 996 $6260$aMilano :$bJaca Book$9(OLS)http://semarc/publisher/29781